Statistics for NBA All-Stars on 3+ Different Teams

Click here to take the quiz!

General Stats

  • This quiz has been taken 51 times
    (41 since last reset)
  • The average score is 16 of 25

Answer Stats

YearTeam% Correct
2008-Thunder, Warriors, Nets, SunsKevin Durant
100%
2012-Bulls, Timberwolves, HeatJimmy Butler
97%
2012-Spurs, Raptors, ClippersKawhi Leonard
97%
2011-Pacers, Thunder, ClippersPaul George
97%
1997-2014Bucks, SuperSonics, CelticsRay Allen
95%
1985-200076ers, Suns, RocketsCharles Barkley
92%
2012-Cavaliers, Celtics, Nets, MavericksKyrie Irving
92%
2004-Cavaliers, Heat, LakersLebron James
92%
2004-2022Magic, Lakers, RocketsDwight Howard
89%
2006-Hornets, Clippers, Thunder, SunsChris Paul
87%
1993-2011Magic, Lakers, Heat, SunsShaquille O'Neal
87%
1995-2013Mavericks, Suns, NetsJason Kidd
84%
2002-2019Grizzlies, Lakers, BullsPau Gasol
84%
1960-1973Warriors, 76ers, LakersWilt Chamberlain
82%
1997-201076ers, Nuggets, Pistons, GrizzliesAllen Iverson
79%
1992-2009Nuggets, Hawks, 76ersDikembe Mutombo
58%
1975-1995Rockets, 76ers, Bullets, HawksMoses Malone
55%
1977-1990SuperSonics, Suns, CelticsDennis Johnson
50%
1961-1975Hawks, SuperSonics, CavaliersLenny Wilkens
37%
1978-1993Warriors, Knicks, BulletsBernard King
34%
1962-1975Packers, Zephyrs, BulletsWalt Bellamy
16%
1960-1971Pistons, Bullets, CelticsBailey Howell
5%
1950-1960Lakers, Knicks, HawksSlater Martin
3%
1967-1976Lakers, 76ers, BulletsArchie Clark
0%
1963-1973Zephyrs, Bullets, PistonsTerry Dischinger
0%

Score Distribution

Percentile by Number Answered

Percent of People with Each Score

Your Score History

You have not taken this quiz since the last reset